00510cam a2200181 a 4500001000800000005001700008008004100025010001700066020004500083040001800128041000800146080001000154082001400164100000700178101000700185245007000192504006600262159644320180817041236.0940411s1994 nyua b 001 0 eng  a 94016064  a1557785163 (pbk. : alk. paper) :c$17.95 aDLCcDLCdDLC aeng a2 MUR00a2 MUR2201 a24 aFE14aThe vision of Islam /cby Sachiko Murata and William C. Chittick. aIncludes bibliographical references (p. [353]-358) and index.